| 000 | 00430nam a2200145Ia 4500 | ||
|---|---|---|---|
| 008 | 260316s2025 xx 000 0 und d | ||
| 020 | _a97981-897472-4-3 | ||
| 041 | _aeng | ||
| 082 | _a615.4/NAN/KHA | ||
| 100 | _aNAND/ KHAR | ||
| 245 |
_aTEXT BOOK OF HOSPITAL AND CLINICAL PHARMACY _bTEXT BOOK OF HOSPITAL AND CLINICAL PHARMACY |
||
| 250 | _a17TH.ED. | ||
| 260 |
_aDELHI _bBIRLA PUBLICATION PVT. LTD. _c2025 |
||
| 300 | _a528P | ||
| 999 |
_c1217055 _d1217055 |
||